Nie je lepší a horší extrémizmus

Nástup extrémistov v Maďarsku i na Slovensku rozbúril verejnú mienku, rozpútal ostré diskusie o úlohách a zlyhaniach politikov v oboch krajinách pri rozpaľovaní vášní a pri upokojovaní situácie. Extrémizmus je potrebné potierať na oboch stranách. Dozrel čas na slovensko-maďarské zmierenie a odmietn...

Descripción completa

Guardado en:
Detalles Bibliográficos
Autor principal: Weiss, Peter
Formato: Capítulo de libro
Lenguaje:eslovaco
Materias:
Etiquetas: Agregar Etiqueta
Sin Etiquetas, Sea el primero en etiquetar este registro!

MARC

LEADER 00000naa$a2200000$$$4500
001 0052982
005 20240502071618.1
041 0 |a slo 
044 |a SK 
245 1 0 |a Nie je lepší a horší extrémizmus  |c Peter Weiss 
520 |a Nástup extrémistov v Maďarsku i na Slovensku rozbúril verejnú mienku, rozpútal ostré diskusie o úlohách a zlyhaniach politikov v oboch krajinách pri rozpaľovaní vášní a pri upokojovaní situácie. Extrémizmus je potrebné potierať na oboch stranách. Dozrel čas na slovensko-maďarské zmierenie a odmietnutie politiky robenej na emocionálnom zneužívaní historických udalostí. Názory P. Weissa na tento problém. 
610 2 0 |a Slovensko 
610 2 0 |a Maďarsko 
610 2 0 |a vzťahy politické medzinárodné 
610 2 0 |a extrémizmus 
100 1 |a Weiss, Peter